<?xml version="1.0" encoding="UTF-8"?><?xml-stylesheet type="text/xsl" href="static/style.xsl"?><OAI-PMH xmlns="http://www.openarchives.org/OAI/2.0/" xmlns:xsi="http://www.w3.org/2001/XMLSchema-instance" xsi:schemaLocation="http://www.openarchives.org/OAI/2.0/ http://www.openarchives.org/OAI/2.0/OAI-PMH.xsd"><responseDate>2026-06-01T19:51:27Z</responseDate><request verb="GetRecord" identifier="oai:riuma.uma.es:10630/3213" metadataPrefix="marc">https://riuma.uma.es/rest/oai/request</request><GetRecord><record><header><identifier>oai:riuma.uma.es:10630/3213</identifier><datestamp>2026-02-03T12:49:00Z</datestamp><setSpec>com_10630_27</setSpec><setSpec>com_10630_3139</setSpec><setSpec>com_10630_10</setSpec><setSpec>col_10630_561</setSpec></header><metadata><record xmlns="http://www.loc.gov/MARC21/slim" xmlns:dcterms="http://purl.org/dc/terms/" xmlns:doc="http://www.lyncode.com/xoai" xmlns:xsi="http://www.w3.org/2001/XMLSchema-instance" xsi:schemaLocation="http://www.loc.gov/MARC21/slim http://www.loc.gov/standards/marcxml/schema/MARC21slim.xsd">
   <leader>00925njm 22002777a 4500</leader>
   <datafield ind2=" " ind1=" " tag="042">
      <subfield code="a">dc</subfield>
   </datafield>
   <datafield ind2=" " ind1=" " tag="720">
      <subfield code="a">García, Clemente</subfield>
      <subfield code="e">author</subfield>
   </datafield>
   <datafield ind2=" " ind1=" " tag="720">
      <subfield code="a">Pastor Díaz, Julio E.</subfield>
      <subfield code="e">author</subfield>
   </datafield>
   <datafield ind2=" " ind1=" " tag="720">
      <subfield code="a">Luque, Teresa</subfield>
      <subfield code="e">author</subfield>
   </datafield>
   <datafield ind2=" " ind1=" " tag="260">
      <subfield code="c">1989</subfield>
   </datafield>
   <datafield ind2=" " ind1=" " tag="520">
      <subfield code="a">Se estudian once especies del género Rumex de Andalucía Occidental encontrándose los siguientes números cromosómicos: R. angiocarpus Murb., n= 7 y 21, 2n= 42; R. roseus L. 2n= 20; R. induratus Boiss. &amp; Reuter n= 20, 2n= 40; R. intermedius DC. 2n= 14, 2n= 15; R. thyrsoides Desf. 2n= 14, 2n=15; R. crispus L. 2n= 60; R. conglomeratus Murray n= 10, 2n= 20; R. pulcher L. n= 10, 2n= 20 y 40; R. palustris Sm. n= 30, 2n= 60; R. dentatus L. 2n= 40; R. bucephalophorus L. n= 8, 2n=16. De algunas especies se incluyen cariogramas indicándose así mismo las fórmulas idiogramáticas, tamaño aparente de cromosomas y asimetría del cariotipo. Por los caracteres cariológicos se pueden separar cinco grupos que apoyan, en términos generales, la delimitación de los subgéneros considerados.</subfield>
   </datafield>
   <datafield ind2=" " ind1=" " tag="520">
      <subfield code="a">Eleven species of genus Rumex from West Andalusian have been studied. The following chromosome numbers are founded: R. angiocarpus Murb., n= 7 y 21, 2n= 42; R. roseus L. 2n= 20; R.induratus Boiss. &amp; Reuter n= 20, 2n= 40; R. intermedius Dc. 2n= 14, 2n= 15; R. thyrsoides Desf. 2n= 14, 2n= 15; R. crispus L. 2n= 60; R. conglomeratus Murray n= 10, 2n= 20; R. pulcher L. n= 10, 2n= 20 y 40; R. palustris Sm. n= 30, 2n= 60; R. denta-tus L. 2n= 40; R. bucephalophorus L. n= 8, 2n= 16. Karyograms, idiogrammatic formulas as well as apparent size and the karyotype asimmetry for some species are included. The karyological characters allow the separation of five groups wich support, in general terms, the delimitation of the subgenus taked in consideration.</subfield>
   </datafield>
   <datafield ind1="8" ind2=" " tag="024">
      <subfield code="a">Acta Botánica Malacitana, Nº 14&#xd;
, 1989, Págs. 129&#xd;
-140</subfield>
   </datafield>
   <datafield ind1="8" ind2=" " tag="024">
      <subfield code="a">02109506</subfield>
   </datafield>
   <datafield ind1="8" ind2=" " tag="024">
      <subfield code="a">http://hdl.handle.net/10630/3213</subfield>
   </datafield>
   <datafield ind2="0" ind1="0" tag="245">
      <subfield code="a">Contribución al estudio cariológico del genero Rumex (Polygonaceae)</subfield>
   </datafield>
</record>
</metadata></record></GetRecord></OAI-PMH>